• 首页
  • 本馆介绍
  • 公告通知
  • 最新文献
  • 馆藏检索
  • 电子资源
  • 读者导购
  • 参考咨询
  • 我的图书馆
  • 登录
  • 详细信息显示
  • 放入我的书架
  • 预约/预借图书
  • 作者相关作品
  • 分类相关作品
  • 丛书相关作品
  • 出版社相关作品

书目信息

  • 表格格式
  • 工作单格式
  • 卡片格式
题名:
离心机标准
    
 
作者: ;通用机械研究所 提出
分册:  
出版信息: 北京   技术标准出版社  1974
页数: 51页
开本: 21cm
丛书名:
单 册:
中图分类: TH238-65
科图分类:
主题词: 离心机--中国--部颁标准 , 起重机械 , 运输机械
电子资源:
ISBN:
000 00725nam0 2200265 45 981
001 0638951084
005 20071003170414.10
010    @dCNY0.20
091    @a15169.2(合)-56
100    @a19981014d1974 em y0chiy0121 ea
101 0  @achi
102    @aCN@b110000
105    @ay l 000yy
106    @ar
200 10 @a离心机标准@e1974@Ali xin ji biao zhun@f通用机械研究所提出
210    @a北京@c技术标准出版社@d1974
215    @a51页@d21cm
300    @a本书各标准均由第一机械工业部发布
606    @a离心机@y中国@x部颁标准
606 0  @a起重机械
606 0  @a运输机械
690    @aTH238-65@v3
711 02 @a通用机械研究所@4提出@Atong yong ji xie yan jiu suo
801 0  @c20071003
905    @a10447@dTH238-65@e5
    
    离心机标准:1974/通用机械研究所提出 .-北京:技术标准出版社,1974
    51页;21cm
    本书各标准均由第一机械工业部发布
    
    ISBN :CNY0.20
    
●
相关链接 在E读中查询图书 在五车中查询图书 在当当中查询图书 在豆瓣中查询图书


正题名:离心机标准     索取号:TH238-65/5         预约/预借

序号 登录号 条形码 馆藏地/架位号 状态 备注
1 0452352   204523523   密集书库/ [索取号:TH238-65/5] 在馆    
2 0609340   206093403   密集书库/ [索取号:TH238-65/5] 在馆    
唐山师范学院图书馆 欢迎您!
大连网信软件有限公司© 版权所有